Estatísticas para Música

Clique aqui para jogar o quiz

Estatísticas Gerais

  • Esse quiz foi jogado 86 vezes
  • A pontuação média é 8 de 14

Estatísticas das Respostas

HintResposta% Correto
Quantos anos tinha Britney Spears quando seu hit 'Baby One More Time' foi lançado em 1998?17
88%
O primeiro grande sucesso de Katy Perry, 'I Kissed a Girl', foi lançado em que ano?2008
86%
Quem cantou a música Drunk in Love com o Jay-Z?Beyoncé
72%
Michael Jackson estreou sua marca registrada moonwalk durante qual música em 1983?Billie Jean
68%
Qual estrela dos anos 80 é reconhecida pelo Guinness World Records como a artista feminina mais vendida de todos os tempos?Madonna
67%
Nós cantamos. Nós dançamos. Nós roubamos coisas. foi o álbum mais vendido de qual artista por causa da música 'I'm Yours' de 2008?Jason Mraz
65%
A que banda pertence o álbum Nevermind?Nirvana
64%
Quem cantou My Heart Will Go On?Celine Dion
63%
Quem é o vocalista dos U2?Bono
58%
Quem lançou 'I'm Still Standing' em 1983?Elton John
57%
De que país vem o icónico trio pop A-ha?Noruega
49%
Qual é o grande êxito da cantora Vanessa Carlton?A thousand miles
36%
qual foi o sucesso que Justin Timberlake escreveu depois de terminar com Britney Spears?Cry me a river
18%
Qual artista ganhou o The X Factor em 2006 e continua sendo o artista mais vendido da série?Leona Lewis
8%

Distribuição das Pontuações

Percentil de Números Respondidos

Porcentagem de Pessoas com Cada Pontuação

Sua Pontuação Histórica

Você não jogou esse quiz